00892nam a22002657a 45000010005000000030006000050050017000110080041000280200018000690400029000870500013001160820011001291000027001402450056001672600042002233000054002654900024003195050008003435200107003515210021004585210020004796500047004996500043005467000037005895180FISKH20241118101904.0241118b cb ||||| |||| 00| 0 eng d a9780531159163 aFISKHbengcFISKHdFISKH aQ127.R58 a509.37 aHarris, Jacqueline L.  aScience in Ancient Rome / cby Jacqueline L. Harris aNew York :bFranklin Watts ;c1998 . a64 pages : bcolor illustrations , map ;c24 cm . aScience of the Past aZ  aDescribes how the Romans put to use and expanded the scientific achievements of earlier civilizations.8 a1030 bLexile 8 aZ bRaz-Plus  aScience-Rome-HistoryvJuvenile Literature  aScience, AncientvJuvenile Literature  aSheridan, Ronald dPhotographer